000 00593cam a22002053a 4500
001 35527
003 PGUSA
005 20140828083750.0
008 110308s2011||||xxu|||||s|||||000 | eng d
040 _aPGUSA
_beng
042 _adc
100 1 _aFenn, George Manville,
_d1831-1909
245 1 4 _aThe Haute Noblesse :
_bA Novel
_h[electronic resource] /
_cGeorge Manville Fenn
260 _bProject Gutenberg,
_c2011
506 _aPublic domain in the USA.
516 _aElectronic text
830 0 _aProject Gutenberg
_v35527
856 4 0 _uhttp://www.gutenberg.org/ebooks/35527
942 _cEB
999 _c264782
_d264782